La compensación económica en la nueva ley de matrimonio civil

محفوظ في:
التفاصيل البيبلوغرافية
المؤلفون الرئيسيون: Blanco Figueroa, Marcela Alejandra (مؤلف), Grafias Maldonado, Cynthia del Carmen (مؤلف)
التنسيق: كتاب
اللغة:الإسبانية
منشور في: Santiago Metropolitana 2010
الموضوعات:
الوسوم: إضافة وسم
لا توجد وسوم, كن أول من يضع وسما على هذه التسجيلة!

MARC

LEADER 00000nam a2200000 a 4500
001 UCG3594
003 CL-VaPUC
008 100909e20100700CL |||||||||||||||||spa|d
020 |a 9789562861199 
082 0 4 |a 346.83016  |b BLA  |2 21 
100 0 |a Blanco Figueroa, Marcela Alejandra  |e author  |9 552853 
700 0 |a Grafias Maldonado, Cynthia del Carmen  |e author  |9 552854 
245 1 3 |a La compensación económica en la nueva ley de matrimonio civil 
300 |a 295 p 
942 |c BK 
945 |d 20100909 00:00:00  |a dcastane 
260 |a Santiago  |b Metropolitana  |c 2010 
650 0 |a Matrimonio civil  |9 385406 
650 0 |a Derecho civil  |9 255013 
650 7 |a COMPENSACIONES ECONOMICAS  |2 CL-VaPUC  |9 528402 
583 |a last modification  |c 20100909 00:00:00  |k Rodrigo Vera 
999 |c 342647  |d 342645 
952 |0 0  |1 0  |4 0  |6 346_830160000000000_BLA_2010  |7 0  |8 A  |9 439050  |a BIBDER  |b BIBDER  |d 2019-11-22  |i 4711955  |o 346.83016 BLA 2010  |p 4711955  |r 2023-01-25  |w 2019-11-22  |y BK  |k DER